01233cam a22003374i 4500003000900000005001700009008004100026035001900067035001900086040003300105082001700138100002800155245008100183264003100264336002100295337002500316338002300341505042900364526000900793526000900802526000900811526000900820526000900829526000900838526000800847526000800855526000800863526000800871526000800879526000800887PE-LiUPU20250731184545.0150625s r 000 0 d a(Sirsi) a31176 a(Sirsi) a31176 aPE-LiUPUbspacPE-LiUPUerda04a909bW922211 aWright, Esmond,eautor.10aHistoria universal y de latinoamerica;industrializacion e imperialismo .n7. 1aBarcelona :bNauta,c1984. atext2rdacontent aunmediated2rdamedia avolume2rdacarrier0 aEuropa en el siglo XIX: La nueva Europa, La primera de las naciones, Rusia, Francia desde la restauración hasta Napoleón III, La decadencia española en el siglo XIX, Estados Unidos. - El equilibrio del poder: Cavour Bismarck, La modernización de Europa, El nuevo imperialismo. - La democracia y el nuevo imperialismoAsia en el siglo XIX, Los Estados Unidos, El impacto de la modernización en las naciones europeas. aP136 aP135 aP134 aP133 aP144 aP143 aP87 aP35 aP20 aP14 aP10 aP06